Catholic University of Zimbabwe Library
Online Public Access Catalogue
(OPAC)

Victorian Noon (Record no. 25912)

MARC details
000 -LEADER
fixed length control field 02400cam a22004814a 4500
001 - CONTROL NUMBER
control field muse82412
003 - CONTROL NUMBER IDENTIFIER
control field MdBmJHUP
005 - DATE AND TIME OF LATEST TRANSACTION
control field 20210127151500.0
006 - FIXED-LENGTH DATA ELEMENTS--ADDITIONAL MATERIAL CHARACTERISTICS
fixed length control field m o d
007 - PHYSICAL DESCRIPTION FIXED FIELD--GENERAL INFORMATION
fixed length control field cr||||||||nn|n
008 - FIXED-LENGTH DATA ELEMENTS--GENERAL INFORMATION
fixed length control field 191230t20191979mdu o 00 0 eng d
020 ## - INTERNATIONAL STANDARD BOOK NUMBER
International Standard Book Number 9781421437231
020 ## - INTERNATIONAL STANDARD BOOK NUMBER
Canceled/invalid ISBN 142143721X
020 ## - INTERNATIONAL STANDARD BOOK NUMBER
Canceled/invalid ISBN 9781421437217
020 ## - INTERNATIONAL STANDARD BOOK NUMBER
Canceled/invalid ISBN 9781421437224
020 ## - INTERNATIONAL STANDARD BOOK NUMBER
Canceled/invalid ISBN 1421437228
020 ## - INTERNATIONAL STANDARD BOOK NUMBER
Canceled/invalid ISBN 1421437236
035 ## - SYSTEM CONTROL NUMBER
System control number (OCoLC)1137749522
040 ## - CATALOGING SOURCE
Original cataloging agency MdBmJHUP
Transcribing agency MdBmJHUP
050 #4 - LIBRARY OF CONGRESS CALL NUMBER
Classification number PR461
Item number .D35 1979
100 1# - MAIN ENTRY--PERSONAL NAME
Personal name Dawson, Carl,
Relator term author
245 10 - TITLE STATEMENT
Title Victorian Noon
Remainder of title English Literature in 1850 /
Statement of responsibility, etc. Carl Dawson.
300 ## - PHYSICAL DESCRIPTION
Extent 1 online resource (1 online resource xv, 268 pages) :
Other physical details illustrations
500 ## - GENERAL NOTE
General note The text of this book is licensed under a Creative Commons Attribution-NonCommercial-No Derivatives 4.0 International License
500 ## - GENERAL NOTE
General note Open access edition supported by the National Endowment for the Humanities / Andrew W. Mellon Foundation Humanities Open Book Program.
500 ## - GENERAL NOTE
General note Originally published as Johns Hopkins Press 1979, second printing 1980.
504 ## - BIBLIOGRAPHY, ETC. NOTE
Bibliography, etc. note Includes bibliographical references and index.
505 00 - FORMATTED CONTENTS NOTE
Title Poetics: The hero as poet --
-- In memoriam: The uses of Dante and Wordsworth --
-- Dramatic elegists: Arnold, Clough, and Browning at mid-century --
-- Phases of the soul: The Newman brothers --
-- "The lamp of memory": Wordsworth and Dickens --
-- Men of letters as hacks and heroes --
-- Polemics: Charles Kingsley and Alton Locke --
-- The germ: Aesthetic manifesto --
-- Postscripts: On the eve of the great exhibition.
506 0# - RESTRICTIONS ON ACCESS NOTE
Terms governing access Open Access
Standardized terminology for access restriction Unrestricted online access
Source of term star
588 0# - SOURCE OF DESCRIPTION NOTE
Source of description note Description based on print version record.
650 #0 - SUBJECT ADDED ENTRY--TOPICAL TERM
Topical term or geographic name entry element English literature
Chronological subdivision 19th century
General subdivision History and criticism.
655 #0 - INDEX TERM--GENRE/FORM
Genre/form data or focus term Electronic books.
Source of term lcgft
655 #0 - INDEX TERM--GENRE/FORM
Genre/form data or focus term Criticism, interpretation, etc.
Source of term fast
Authority record control number (OCoLC)fst01411635
655 #7 - INDEX TERM--GENRE/FORM
Genre/form data or focus term Electronic books.
Source of term local
710 2# - ADDED ENTRY--CORPORATE NAME
Corporate name or jurisdiction name as entry element Project Muse.
776 18 - ADDITIONAL PHYSICAL FORM ENTRY
Relationship information Print version:
Title Victorian noon.
Place, publisher, and date of publication Baltimore : Johns Hopkins University Press, ©1979
Record control number (DLC) 78013939
-- (OCoLC)4494851
710 2# - ADDED ENTRY--CORPORATE NAME
Corporate name or jurisdiction name as entry element Project Muse.
Relator term distributor
830 #0 - SERIES ADDED ENTRY--UNIFORM TITLE
Uniform title Book collections on Project MUSE.
856 40 - ELECTRONIC LOCATION AND ACCESS
Public note Full text available:
Uniform Resource Identifier <a href="https://muse.jhu.edu/book/72708/">https://muse.jhu.edu/book/72708/</a>
Holdings
Withdrawn status Lost status Source of classification or shelving scheme Damaged status Not for loan Home library Current library Shelving location Date acquired Total Checkouts Full call number Date last seen Uniform Resource Identifier Price effective from Koha item type
          Digital Library Digital Library Online Access 27.01.2021   PR461 .D35 1979 27.01.2021 https://muse.jhu.edu/book/72708/ 27.01.2021 eBook

OPENING HOURS

Weekdays: 0815hrs - 1800hrs
Weekends:0900hrs - 1200hrs

Closed for Mass:

Mon, Thur: 1200hrs - 1300hrs
Sunday & Public Holiday’s

CALL SUPPORT

0242-570570, 0242-570169
09200664, +263 8644140602

LOCATION

18443, Cranborne Avenue, Hatfield, Harare

Other Links


©2021 | CUZ Library